<?xml version="1.0" encoding="utf-8"?>
<?xml-stylesheet type='text/xsl' href='./oai2.xsl'?>
<OAI-PMH xmlns="http://www.openarchives.org/OAI/2.0/" xmlns:xsi="http://www.w3.org/2001/XMLSchema-instance" xsi:schemaLocation="http://www.openarchives.org/OAI/2.0/ http://www.openarchives.org/OAI/2.0/OAI-PMH.xsd">
  <responseDate>2026-06-05T21:23:05Z</responseDate>
  <request verb="GetRecord" metadataPrefix="marcxml" identifier="record_kuniweb_23304">https://kulturerbe.niedersachsen.de/oai</request>
  <GetRecord>
    <record>
      <header>
        <identifier>record_kuniweb_23304</identifier>
        <datestamp>2021-03-24T08:59:20Z</datestamp>
        <setSpec>slg0126</setSpec>
      </header>
      <metadata>
        <marc:record xmlns:marc="http://www.loc.gov/MARC21/slim" xsi:schemaLocation="http://www.loc.gov/MARC21/slim http://www.loc.gov/standards/marcxml/schema/MARC21slim.xsd">
          <marc:leader>12345nrm  22     uu 4500</marc:leader>
          <marc:controlfield tag="001">23304</marc:controlfield>
          <marc:controlfield tag="003">http://kuniweb.gbv.de</marc:controlfield>
          <marc:controlfield tag="005">2014-10-29T18:25:19</marc:controlfield>
          <marc:controlfield tag="008">|           ||||||||||||||||||||||</marc:controlfield>
          <marc:datafield tag="245" ind1="1" ind2="0">
            <marc:subfield code="a">Geleucht, offener Frosch</marc:subfield>
          </marc:datafield>
          <marc:datafield tag="655" ind1=" " ind2="7">
            <marc:subfield code="a">Alltagskultur</marc:subfield>
          </marc:datafield>
          <marc:datafield tag="046" ind1=" " ind2=" ">
            <marc:subfield code="k">1700</marc:subfield>
            <marc:subfield code="k">1700 - 1800</marc:subfield>
            <marc:subfield code="l">1800</marc:subfield>
          </marc:datafield>
          <marc:datafield tag="260" ind1=" " ind2=" ">
            <marc:subfield code="g">1700</marc:subfield>
            <marc:subfield code="g">1800</marc:subfield>
            <marc:subfield code="g">1700 - 1800</marc:subfield>
          </marc:datafield>
          <marc:datafield tag="300" ind1=" " ind2=" ">
            <marc:subfield code="a">Länge: 14 cm
Breite: 11,5 cm
Höhe: 14,5 cm (insgesamt?)
Höhe: 3 cm (Topf?)</marc:subfield>
          </marc:datafield>
          <marc:datafield tag="520" ind1=" " ind2=" ">
            <marc:subfield code="a">Offenes Geleucht [offener Frosch] für Fettbrand / "Grubenunschlittlicht": offener Topf mit weiter ausgezogener Schnauze. Boden innen 'vermeesingt'. Messingspuren unter dem Boden und zum Teil an den Außenflanken. Griffloch groß, rund. Geschmiedeter Bügel verschraubt. An Bügel angekettete Dochtmolle [Dochtmulde], an hinterer Oberkante verzierter Messingblechstreifen aufgenietet. Flaches Zwischenstück. Wirbelende stilisierte, spitz zulaufende Eichel. Einfach gekröpfter, geschmiedeter Gesteinshaken. Schild dreieckig mit leicht rund zulaufender Spitze, 4 Bohrungen, auf der Oberkante 3 Kreuze. Der gesamte Frosch ist reich graviert. (Oberharzer Bergwerksmuseum)

Gravur:
Dochtschnauze: 3 arbeitende Bergleute mit hohen Hüten und Arschledern, eingeritzte Sterne, Gravur "M" vor den Füßen des mittleren Bergmanns, dahinter dann "MM"

Gravur:
Am Topfrand umlaufend: "MIT FRID UNF FREIT FAR ICH EIN DER LIPE GOTT WIRT STETS BEI UNS SEIN DAS PLUT JESU CHRISTI GOTTES SOHN MACHT UNS REIN VON ALLE SINTEN AMEN2

Gravur:
Schild: Darstellung von Schlägel und Eisen, Sterne, Eicheln</marc:subfield>
          </marc:datafield>
          <marc:datafield tag="650" ind1="1" ind2=" ">
            <marc:subfield code="a">Beleuchtung &gt; Leuchtmittel</marc:subfield>
          </marc:datafield>
          <marc:datafield tag="650" ind1="1" ind2=" ">
            <marc:subfield code="a">Harzer Frösche, offen</marc:subfield>
          </marc:datafield>
          <marc:datafield tag="773" ind1="0" ind2=" ">
            <marc:subfield code="t">Bergmännisches Geleucht</marc:subfield>
          </marc:datafield>
          <marc:datafield tag="852" ind1=" " ind2=" ">
            <marc:subfield code="a">Oberharzer Bergwerksmuseum</marc:subfield>
          </marc:datafield>
          <marc:datafield tag="" ind1=" " ind2=" ">
            <marc:subfield code="a">Namensnennung - Weitergabe unter gleichen Bedingungen 4.0 International (CC BY-SA 4.0)</marc:subfield>
          </marc:datafield>
        </marc:record>
      </metadata>
    </record>
  </GetRecord>
</OAI-PMH>
